=LDR 00000nam 2200000 4500 =001 INLIS000000000002535 =005 20130612090850 =008 ***********************************Ind** =035 ##$$0010-061300000002535 =041 ##$$a Ind =082 ##$$a 616.462 =090 ##$$a 616.462, Mar k =100 ##$$a Margatan, Arcole =245 ##$$a Kiat sehat bagi diabetesi agar kondisi hidup tetap normal dan aktif, Arcole Margatan =260 ##$$a 1997 $b Solo =300 ##$$a 88 hlm, ilus, 21 cm =650 ##$$a Diabetes =850 ##$$a NBPNMAT